000 00260nam a2200097Ia 4500
005 20250424112850.0
008 250424s9999 xx 000 0 und d
300 _aiii. , 128 p. ; 25 cm.
650 _aBusiness--Periodicals. Management--Periodicals.
942 _cSR
999 _c37579
_d37579